| 000 | 00922nas a2200313 4500 | ||
|---|---|---|---|
| 001 | BR2015003643 | ||
| 003 | BR-BrBNA | ||
| 005 | 20231205125434.0 | ||
| 007 | ta | ||
| 008 | 230509b bl.|||p| |||| 00| 00por d | ||
| 040 |
_aBR-BrBNA _bpor _cBiblioteca Nacional de Agricultura |
||
| 041 | _a(En) | ||
| 072 | _aF30 | ||
| 100 | 1 | _aVictor, D.M. | |
| 100 | 1 | _aJank, L. | |
| 100 | 1 | _aLempp, B. | |
| 100 | 1 | _aSimeão, R.M. | |
| 100 | 1 | _aResende, M.D.V. de | |
| 100 | 1 | _aGonçalves, M.C. | |
| 245 | 1 | _aSelection of full-sib families of Panicum maximum Jacq under low light conditions | |
| 650 | _aGRAMÍNEA FORRAGEIRA | ||
| 650 | _aHÍBRIDO | ||
| 650 | _aPROGÊNIE | ||
| 650 | _aMELHORAMENTO VEGETAL | ||
| 650 | _aGENÉTICA VEGETAL | ||
| 773 | 0 |
_tRevista Ceres (Brazil) _xISSN 0034-737X _g(Mar-Apr 2015), v. 62(2) p. 199-207 _wBR2015003643 |
|
| 909 |
_a202311 _bLúcia _c55 _dLúcia Elande |
||
| 942 |
_2AGRIS _n0 _cANA |
||
| 999 |
_c244376 _d244376 |
||